| 000 | 01214nac a22003977a 4500 | ||
|---|---|---|---|
| 001 | BR8104766 | ||
| 003 | BR-BrBNA | ||
| 005 | 20240105115041.0 | ||
| 008 | 230509b bl.|||m| |||| 00| 0 por d | ||
| 040 |
_aBR-BrBNA _bpor _cBiblioteca Nacional de Agricultura |
||
| 072 | _aA50; F00; L00 | ||
| 090 | _a1126 BR8104766 | ||
| 110 | 1 | _aEmpresa de Pesquisa Agropecuaria do Estado do Rio de Janeiro, Niteroi (Brasil) | |
| 245 | 1 | _aPrograma de Pesquisa 1981 [Empresa de Pesquisa Agropecuaria do Estado do Rio de Janeiro, Brasil] | |
| 260 | 3 |
_aNiteroi, RJ (Brasil): _c1981. |
|
| 300 | _a72 p. | ||
| 490 |
_aPrograma de Pesquisa - Empresa de Pesquisa Agropecuaria do Estado do Rio de Janeiro (Brazil) _v _xISSN 0101-1855 |
||
| 650 | _aPROGRAMA DE PESQUISA | ||
| 650 | _aABACAXI | ||
| 650 | _aARROZ | ||
| 650 | _aFRANGO DE CORTE | ||
| 650 | _aBANANA | ||
| 650 | _aFRUTA CITRICA | ||
| 650 | _aFEIJAO | ||
| 650 | _aGADO DE CORTE | ||
| 650 | _aGADO LEITEIRO | ||
| 650 | _aMANDIOCA | ||
| 650 | _aMILHO | ||
| 650 | _aHORTALICA | ||
| 650 | _aSORGO | ||
| 650 | _aATUM | ||
| 650 | _aCAMARAO | ||
| 650 | _aCANA DE ACUCAR | ||
| 909 |
_a202312 _bLúcia Elande _c55 _dLúcia Elande |
||
| 942 |
_2AGRIS _n0 _cMS |
||
| 999 |
_c272767 _d272767 |
||